|
|
|
|
| LEADER |
01464nam a2200397 a 4500 |
| 001 |
000064122 |
| 003 |
CZ BrMZK |
| 005 |
20160512154545.0 |
| 008 |
010907s1995 pl f pol d |
| 020 |
|
|
|a 83-86668-14-8
|
| 040 |
|
|
|a BOA001
|b cze
|
| 043 |
|
|
|a e-pl---
|
| 045 |
|
|
|a x-x-
|
| 072 |
|
7 |
|a 316.33
|x Ekonomická sociologie. Sociologie institucí, lidských sídel a komunit
|2 Konspekt
|9 18
|
| 080 |
|
|
|a 316.334.55
|2 MRF
|
| 080 |
|
|
|a 316.33:631
|2 MRF
|
| 080 |
|
|
|a 316:303
|2 MRF
|
| 080 |
|
|
|a (438)
|2 MRF
|
| 080 |
|
|
|a (048.8)
|2 MRF
|
| 100 |
1 |
|
|a Turowski, Jan,
|d 1917-2006
|7 mzk2013767877
|4 aut
|
| 245 |
1 |
0 |
|a Socjologia wsi i rolnictwa /
|c Jan Turowski
|
| 250 |
|
|
|a Wyd. 2. poszerz.
|
| 260 |
|
|
|a Lublin :
|b Towarzystwo Naukowe Katolickiego Uniwersytetu Lubelskiego,
|c 1995
|
| 300 |
|
|
|a 281 s. ;
|c 24 cm
|
| 490 |
1 |
|
|a Źródła i monografie ;
|v 146
|
| 500 |
|
|
|a Obs. též angl., něm. - Bibliogr.
|
| 541 |
|
|
|a Lublin, Katolicki Uniwersytet
|
| 648 |
|
7 |
|a 20. století
|7 ch460558
|
| 650 |
0 |
7 |
|a sociologie venkova
|7 ph125763
|z Polsko
|y 20. století
|2 czenas
|
| 650 |
0 |
7 |
|a sociologie zemědělství
|7 ph125767
|z Polsko
|y 20. století
|2 czenas
|
| 650 |
0 |
7 |
|a sociologický výzkum
|7 ph125750
|z Polsko
|y 20. století
|2 czenas
|
| 655 |
|
7 |
|a monografie
|7 fd132842
|2 czenas
|
| 830 |
|
0 |
|a Źródła i monografie
|
| 910 |
|
|
|a BOA001
|b M2-1019.529
|
| 990 |
|
|
|a BK
|
| 996 |
7 |
|
|b 2610035259
|c M2-1019.529
|l MZK
|r Sklad / do 24 hodin
|n 0
|p vým
|w 000064122
|u 000010
|a 1
|e BOA001
|j MZK50
|s A
|